ბათუმის შოთა რუსთაველის სახელმწიფო უნივერსიტეტის ბიბლიოთეკა

სამამულო ომის გმირები : (ბიბ.ჩანაწერი № 40186)

000 -ლიდერი
ფიქსირებული სიგრძის საკონტროლო ველი 00958nam a2200205Ia 4500
001 - საკონტროლო ნომერი
საკონტროლო ველი 6793
003 - საკონტროლო ნომრის იდენტიფიკატორი
საკონტროლო ველი GE_BSU
005 - ბოლო ოპერაციის თარიღი და დრო
საკონტროლო ველი 20200109170411.0
008 - ფიქსირებული სიგრძის მონაცემთა ელემენტები - ზოგადი ინფორმაცია
ფიქსირებული სიგრძის საკონტროლო ველი 181216s1942||||ge |||||||||||||| ||geo||
040 ## - კატალოგიზაციის წყარო
Transcribing agency GE_BSU
041 ## - ენის კოდი
Language code of text/sound track or separate title geo
080 ## - უნივერსალური ათობითი კლასიფიკაციის ინდექსი
Universal Decimal Classification number 94(47+57) (092) გ-59
100 ## - მთავარი ჩანაწერი - პიროვნების სახელი
Personal name გოგიავა, კლიმენტი.
9 (RLIN) 5998
245 ## - ცნობა სათაურის შესახებ
Title სამამულო ომის გმირები :
Remainder of title გენერალ-მაიორი ლესელიძე ; ალექსანდერ წურწუმია ; ცეცხლის ხაზი /
Statement of responsibility, etc კლიმენტი გოგიავა ; რედ. რ. გვეტაძე.
264 ## - წარმოების, გამოცემის, დისტრიბუციის და სხვა ცნობები
გამოცემის, წარმოების, დისტრიბუციის... ადგილი თბილისი :
გამოცემის, წარმოების, დისტრიბუციის... სახელწოდება ფედერაცია,
გამოცემის, წარმოების, დისტრიბუციის... თარიღი 1942.
300 ## - ფიზიკური აღწერა
Extent 112 გვ. ;
Dimensions 16 სმ.
653 ## - INDEX TERM--UNCONTROLLED
Uncontrolled term სამამულო ომის გმირები
700 ## - ADDED ENTRY--PERSONAL NAME
Personal name გვეტაძე, რ.
Relator term რედაქტორი
9 (RLIN) 3715
942 ## - ADDED ENTRY ELEMENTS (KOHA)
Koha item type წიგნი
Source of classification or shelving scheme
ეგზემპლარები
ჩამოწერის სტატუსი დაკარგული ეგზემპლარის სტატუსი კლასიფიკაციის წყარო ან თაროზე გაწყობის სქემა დაზიანების სტატუსი არ გაიცემა მუდმივი მდებარეობა (დაცვის ადგილი) ამჟამინდელი ადგილსამყოფელი თაროზე განთავსების ადგილი შეძენის თარიღი ღირებულება, შესყიდვის ნორმალური ფასი სრული შენახვის შიფრი შტრიხკოდი ბოლო ოპერაციის თარიღი ეგზემპლარის მიმდევრობითი ნომერი (კეტერი?) ფასის ძალაში შესვლის თარიღი ეგზემპლარის სახეობა საჯარო შენიშვნა
          ბათუმის შოთა რუსთაველის სახელმწიფო უნივერსიტეტის მთავარი ბიბლიოთეკა ბათუმის შოთა რუსთაველის სახელმწიფო უნივერსიტეტის მთავარი ბიბლიოთეკა წიგნსაცავი 2018-12-17 15.00 94(47+57)"1941-1945" (092) გ-59 14641 2018-12-17 14641 2018-12-17 წიგნი 15.00 ლ.